000 00478nam a22002057a 4500
003 bpm
005 20260415094943.0
008 260415b |||||||| |||| 00| f spa d
020 _a9789870407003
024 _aS. C. C. / M. C. y E. M.:
040 _aAR-CtUCP
041 _aspa
080 _aCDU
100 _aSánchez Matilde
245 _aEl desperdicio
260 _aBuenos Aires
_bAguilar
_c2007
650 _aLiteratura - Novela
942 _cLIB
999 _c76641
_d76641